African Countries that do NOT end in a vowel - Statistics

General Stats
  • This quiz has been taken 172 times
  • The average score is 11 of 15
Answer Stats
Answer % Correct
Egypt
95%
Sudan
87%
Chad
86%
South Sudan
85%
Gabon
79%
Benin
77%
Madagascar
75%
Niger
74%
Comoros
71%
Seychelles
71%
Cameroon
69%
Central African Republic
69%
Mauritius
68%
Senegal
68%
Ivory Coast
51%
No matching quizzes found
Score Distribution
Percent of People with Each Score
Percentile by Number Answered
Your Score History
You have not taken this quiz